Homer's Odyssey - Statistics

General Stats
  • This quiz has been taken 96 times
  • The average score is 14 of 27
Answer Stats
Hint Answer % Correct
Main Hero Odysseus
98%
Goddess Who Favours Hero Athena
90%
Their Home Ithaca
89%
His Wife Penelope
89%
Cyclops' Father Poseidon
81%
His Son Telemachus
76%
She Turns Men Into Pigs Circe
74%
With Whom is He Trapped? Calypso
69%
Plant That Puts Crew To Sleep Lotus
68%
Name Hero Gives Cyclops as a Joke Nobody
63%
Cyclops That Hero Blinded Polyphemus
63%
Dangerous Six-Headed Monster Scylla
63%
King of Sparta's Brother Agamemnon
62%
King of Sparta's Wife Helen
61%
Dangerous Whirlpool Charybdis
56%
King of Sparta Menelaus
55%
Received Bag of Wind From Aeolus
42%
Hero's Friend, King of Pylos Nestor
38%
Blind Prophet Who Tells Hero How to Get to Underworld Tiresias
38%
Island Where Hero is Trapped Ogygia
30%
Phaecian Girl Nausica
29%
Tribe of Man-Eating Giants Laestrygonians
18%
Swineherd Eumaeus
15%
Loyal Nurse, Recognises Hero's Scar Eurycleia
14%
Phaecian King Alcinous
13%
Thracian Tribe that Hero's Crew Stole from Cicones
13%
Hero's Mother, Meets in Underworld Anticleia
10%
No matching quizzes found
Score Distribution
Percent of People with Each Score
Percentile by Number Answered
Your Score History
You have not taken this quiz